000 00739nmm a2200253 a 4500
003 AR-BaBNM
005 20251128202852.0
008 157019s1972 ||||||||||||||000 | spa||
040 _cAR-BaBNM
100 1 _aDozo, Servando Ramón Manuel
245 1 0 _aTratado de geografía económica
_n1
260 _aBuenos Aires
_bMacchi
_c1972
300 0 _a703 p.
_bmapas, tablas, il., láms., gráfs.
500 0 _aContiene actualización estadística p. 699-703.
650 4 _aGEOGRAFIA ECONOMICA
650 4 _aGEOGRAFIA HISTORICA
650 4 _aTRANSPORTE
650 4 _aPLANIFICACION DEL TRANSPORTE
650 4 _aMEDIO AMBIENTE NATURAL
650 4 _aMEDIO URBANO
700 1 _aGarcía Firbeda, Miguel
942 _cBK
998 _cmariana
999 _c965
_d965